000 00453nam a2200181Ia 4500
003 OSt
005 20250814113204.0
008 250729s2006 xx 000 0 und d
040 _cAL
041 _aeng
082 _a370 CHAH
100 _aKochar s k
_9221288
245 _aGuidence and counselling in colleges and universities
260 _aAgra
_bVinod Piustak Mandir
_c2006
300 _a438p
650 _aEducation
_9221289
942 _2ddc
_cBED
999 _c234940
_d234940